The Conscientious Manager: (Record no. 370818)

MARC details
000 -LEADER
fixed length control field 00460nam a22001697a 4500
005 - DATE AND TIME OF LATEST TRANSACTION
control field 20260330144015.0
008 - FIXED-LENGTH DATA ELEMENTS--GENERAL INFORMATION
fixed length control field 260330b |||||||| |||| 00| 0 eng d
020 ## - INTERNATIONAL STANDARD BOOK NUMBER
International Standard Book Number 9788126938018
041 ## - LANGUAGE CODE
Language code of text/sound track or separate title eng
082 ## - DEWEY DECIMAL CLASSIFICATION NUMBER
Classification number 174.4
Item number MED B22772
100 ## - MAIN ENTRY--PERSONAL NAME
Author Medicharla P
245 ## - TITLE STATEMENT
Title The Conscientious Manager:
Remainder of title Nurturing Workplace Ethics and Synergies
260 ## - PUBLICATION, DISTRIBUTION, ETC.
Place of publication, distribution, etc. New Delhi
Name of publisher, distributor, etc. Atlantic
Date of publication, distribution, etc. 2024
300 ## - PHYSICAL DESCRIPTION
Extent 258p
500 ## - GENERAL NOTE
Keywords Business Ethics
942 ## - ADDED ENTRY ELEMENTS (KOHA)
Koha item type Books
Holdings
Withdrawn status Lost status Source of classification or shelving scheme Damaged status Not for loan Home library Current library Date acquired Vendor Net Price Bill number Total Checkouts Full call number Barcode Date last seen Actual Price Bill Date Koha item type Original Barcode
    Dewey Decimal Classification     Smt. Hiraben Nanavati Institute of Management & Research for Women Smt. Hiraben Nanavati Institute of Management & Research for Women 29/01/2026 The Forward Books 995.00 25295   174.4 MED B22772 HIMR-BK-22772 30/03/2026 726.35 24/01/2026 Books B22772